Станции метро Фиолетовой линии Санкт-Петербурга - Statistics

General Stats
  • This quiz has been taken 32 times
  • The average score is 13 of 15
Answer Stats
Answer % Correct
Комендантский проспект
97%
Адмиралтейская
97%
Волковская
97%
Шушары
97%
Садовая
93%
Старая Деревня
90%
Крестовский остров
90%
Спортивная
90%
Чкаловская
86%
Звенигородская
86%
Проспект Славы
86%
Обводный канал
83%
Международная
83%
Бухарестская
79%
Дунайская
79%
No matching quizzes found
Score Distribution
Percent of People with Each Score
Percentile by Number Answered
Your Score History
You have not taken this quiz